00359pab a2200121 454500008004000000100002400040245007200064260000900136300001300145362000800158650002500166773004600191180718b2006 xxu||||| |||| 00| 0 eng d aSatheesh Kumar T.N. aIndian family-managed companies: the corporate governance conundrum c2006 ap.20-40. aApr aCorporate governance aThe ICFAI Journal of Corporate Governance